000 00450nam a2200181Ia 4500
001 18682
005 20260306171648.0
008 260306s9999||||xx |||||||||||||| ||und||
041 _aESP
082 _a658.45
_bV67
100 _aVillegas Cheneaúx, Lourdes T. J.,
_eAUT
245 0 _aLa comunicación corporativa en salud
260 _c2012
300 _a176 páginas :
_c20 cm.
650 _aGEN
654 _aCAN
942 _cLIB
_dJUS
_fJUS
_2ddc
_n
999 _c18682
_d18682